000 00675nam a2200265Ia 4500
003 OSt
005 20220918182239.0
006 a|||||r|||| 00| 0
007 ta
008 220917b |||||||| |||| 00| 0 eng d
024 _a31,419
037 _cTextual
040 _aARTS
_cARTS
_beng
041 _2eng
_aeng
082 _aO-,1:gH, L2 (EO)
100 _aSpearing A C
245 0 _aCriticism and medieval poetry
250 _a2nd
260 _aLondon
_bEdward Arnold
_c1972
300 _ax,198p.
_ccm.
500 _aBib ix-x
650 _aENGLISH LITERATURE
942 _hO-,1:gH, L2 (EO)
_cTEXL
_2CC
999 _c168277
_d168277